000 00694nam a2200217Ii 4500
003 JO-AjNU
008 230605s9999||||xx |||||||||||||| ||und||
017 _a2006/3/670
040 _aJO-AjNU
_bara
_erda
_cJO-AjNU
041 _aara
050 1 4 _aPJ7507 2007
100 3 _aالربابعة،حسن محمد,
_eauthor
_923971
245 0 0 _aالسيمياء والتجريب عند الجاحظ
250 _aط1
264 3 1 _aالكرك: مطبعة الأزهر،2006
300 _a124ص
336 _atext
_btxt
_2rdacontent
337 _aunmediated
_bn
_2rdamedia
338 _avolume
_bnc
_2rdacarrier
650 4 _aالنقد الادبي-الأدباء العرب-التراجم
_923972
999 _aA8755
_c12323
_d12323